00856nam a2200241 a 450000100060000000300080000600500170001400800410003103500190007203500200009104000410011104100080015208200280016010000420018824500510023026000360028130000220031765000560033965000340039594200120042999900170044195201560045862374BD-RjUL20211209081056.0170123s1950 au 000 0 ger d a(BD-RjUL)62500 a(OCoLC)10444832 aDLCcCSfStdCSfStdDLCdBD-RjULbeng aeng a780.903223 bEID 1950 1 aEinstein, Alfred,d1880-1952.918551414aDie Romantik in der Musik / c Alfred Einstein aWien :bBerglandverlag, cc1950 a434 p. ; c25 cm. 0aMusicy19th centuryxHistory and criticism.9185515 0aRomanticism in music.9185516 2ddccBK c62374d62374 00102ddc40718NFICaRUCLbRUCLcReadingd1959-10-20eParagon Enterprises Dhakag32.00l0o780.903 EID 1950r2017-01-23 00:00:00tC-1w2017-01-23yBK